• 首页
  • 本馆介绍
  • 公告通知
  • 最新文献
  • 馆藏检索
  • 电子资源
  • 读者导购
  • 参考咨询
  • 我的图书馆
  • 登录
  • 详细信息显示
  • 放入我的书架
  • 预约/预借图书
  • 作者相关作品
  • 分类相关作品
  • 丛书相关作品
  • 出版社相关作品

书目信息

  • 表格格式
  • 工作单格式
  • 卡片格式
题名:
汽车空调技术
    
 
作者: 汪小孟 主编
分册:  
出版信息: 北京   北京理工大学出版社有限责任公司  2020.1
页数: 99页
开本: 26cm
丛书名:
单 册:
中图分类: U463.85
科图分类:
主题词: 汽车空调
电子资源:
ISBN: 978-7-5682-8150-8
000 00927nam0 2200241 45
001 012001001729
005 20140912104811.0
010    @a978-7-5682-8150-8@dCNY39.00
100    @a20201022d2020 em y0chiy50 ea
101 0  @achi
102    @aCN@b110000
105    @aa az 000yy
106    @ar
200 1  @a汽车空调技术@Aqi che kong tiao ji shu@f汪小孟主编
210    @a北京@c北京理工大学出版社有限责任公司@d2020.1
215    @a99页@c图@d26cm
320    @a有书目(第99页)
330    @a本书主要以大众奥迪为例,系统地介绍了汽车空调系统的组成与工作原理、主要部件的结构、空调的使用与维修等,内容主要包括汽车空调概述、空调维修基本知识、汽车空调制冷系统、汽车空调采暖系统、汽车空调的通风与空气净化装置、汽车空调的控制系统、自动空调技术、汽车空调的使用与故障检修等。
606 0  @a汽车空调
690    @aU463.85@v5
701  0 @a汪小孟@Awang xiao meng@4主编
801  0 @aCN@bBJSDL@c20211011
905    @b1336985-8@dU463.85@e1063@f4
    
    汽车空调技术/汪小孟主编.-北京:北京理工大学出版社有限责任公司,2020.1
    99页:图;26cm
    
    
    ISBN 978-7-5682-8150-8:CNY39.00
    本书主要以大众奥迪为例,系统地介绍了汽车空调系统的组成与工作原理、主要部件的结构、空调的使用与维修等,内容主要包括汽车空调概述、空调维修基本知识、汽车空调制冷系统、汽车空调采暖系统、汽车空调的通风与空气净化装置、汽车空调的控制系统、自动空调技术、汽车空调的使用与故障检修等。
●
相关链接 在E读中查询图书 在五车中查询图书 在当当中查询图书 在豆瓣中查询图书


正题名:汽车空调技术     索取号:U463.85/1063         预约/预借

序号 登录号 条形码 馆藏地/架位号 状态 备注
1 1336985   213369852   第二样本阅览室/ [索取号:U463.85/1063] 在馆    
2 1336986   213369861   第三借阅区/ [索取号:U463.85/1063] 在馆    
3 1336987   213369870   第三借阅区/ [索取号:U463.85/1063] 在馆    
4 1336988   213369889   第三借阅区/ [索取号:U463.85/1063] 在馆    
唐山师范学院图书馆 欢迎您!
大连网信软件有限公司© 版权所有